IATF Příručka auditora pro IATF 16949

Enregistré dans:
Détails bibliographiques
Format: Livre
Langue:tchèque
Publié: Praha Česká společnost pro jakost 2019
Édition:4. vyd.
Sujets:
Tags: Ajouter un tag
Pas de tags, Soyez le premier à ajouter un tag!

MARC

LEADER 00000nam a22000003a 4500
001 0095309
003 SK-STU
005 20220518104249.2
007 ta
008 220518s ----xo-----e------000-0-----d
020 |a 978-80-02-02908-3 
040 |a STU  |b slo 
041 0 |a cze 
044 |a xr 
245 1 0 |a IATF Příručka auditora pro IATF 16949 
250 |a 4. vyd. 
260 |a Praha  |b Česká společnost pro jakost  |c 2019 
300 |a 43 s. 
650 0 7 |a IATF 16949 
650 0 7 |a príručka auditora 
996 |b 284M089055  |c M* 14 628-1  |l MMKN  |s A  |a 24  |w 0095309_0001